000 00451nam a22001817a 4500
003 MPLRDC
005 20220104185748.0
008 210129b ||||| |||| 00| 0 eng d
020 _a988-8039-99-9
082 _a987.32 DN
100 _a狄娜
245 _a电影—我的荒谬
_c
250 _a第二版
260 _a香港
_b蓝天图书 RED CORPORATION LIMITED
_c2010
300 _b
650 _a电影--演员
942 _cBK
_o987.32 DN
999 _c63473
_d63463